000 00792nam a2200217Ia 4500
003 GCL
008 140319s9999 xx 000 0 ara d
040 _aGCL /
_cGCL
082 0 4 _a364.15
_bع م
100 1 _aعامر مخيف العمر
245 1 0 _aمربع الارهاب :
_bالاجهزة الامنية فى العراق خلال الفترة من 1986-2002 /
_cعامر مخيف العمر
260 _aالاردن :
_bدار الحامد للنشر والتوزيع
300 _a429 ص ؛
_c24 سم
650 0 4 _aالارهاب
650 0 4 _aالتحقيق الجنائى
650 0 4 _aالمذابح
650 0 4 _aجرائم ضد الانسانية
650 0 4 _aالعراق - الاحوال السياسية
650 0 4 _aجرائم التعذيب
942 _2ddc
_cBK
999 _c8528
_d8528